[Event "FIRST SATURDAY TOURNAMENTS Budapest FMA-"]
[Site "Budapest"]
[Date "2012.02.04"]
[Round "1.1"]
[White "Vecsernyes, Norbert"]
[Black "Bogad, Peter"]
[Result "1-0"]
[WhiteElo "1892"]
[BlackElo "2118"]
[PlyCount "155"]
[EventDate "2012.02.04"]

1. d4 e6 2. c4 b6 3. Nc3 Bb7 4. e4 Bb4 5. f3 f5 6. Bd3 Qh4+ 7. g3 Qh5 8. exf5
exf5 9. Bf4 Na6 10. Qe2+ Ne7 11. c5 Nb8 12. Bxc7 Nbc6 13. Bd6 O-O 14. Bc4+ Kh8
15. O-O-O Rfe8 16. Qd3 Na5 17. Nb5 Nxc4 18. Qxc4 Nd5 19. Bf4 bxc5 20. Nd6 cxd4
21. Nxe8 Rc8 22. Nc7 d6 23. Kb1 Rxc7 24. Qb5 a6 25. Qd3 Bc5 26. Bd2 Nb6 27. Re1
Bd5 28. b4 Bc4 29. Qa3 Bd5 30. bxc5 Nc4 31. Qd3 Rb7+ 32. Ka1 Rb2 33. cxd6 Rxa2+
34. Kxa2 Ne5+ 35. Ka1 Nxd3 36. d7 Nxe1 37. d8=Q+ Bg8 38. Bxe1 Qh6 39. Ne2 Qe3
40. Qxd4 Qxe2 41. Bd2 Qxf3 42. Kb2 Qxh1 43. h4 Qg2 44. Qd3 Qb7+ 45. Kc1 Qc6+
46. Bc3 Qh1+ 47. Kd2 Qg2+ 48. Kc1 Qg1+ 49. Kd2 Qf2+ 50. Kc1 f4 51. gxf4 Qxf4+
52. Kb2 Qxh4 53. Qxa6 Qf2+ 54. Kc1 Qe3+ 55. Bd2 Qc5+ 56. Kb2 h5 57. Bc3 Qf2+
58. Kc1 Qf3 59. Kb2 Qf2+ 60. Ka1 Qe3 61. Kb2 h4 62. Qg6 Qe7 63. Qg4 Qb7+ 64.
Kc1 Bh7 65. Kd2 Qd5+ 66. Bd4 Qa5+ 67. Bc3 Qa2+ 68. Ke3 Qa7+ 69. Bd4 Qe7+ 70.
Kd2 Qb4+ 71. Ke2 Qc4+ 72. Ke3 Qd3+ 73. Kf2 Qd2+ 74. Kg1 Qe1+ 75. Kh2 Qd2+ 76.
Kg1 Qh6 77. Kh2 Qd6+ 78. Kh3 {Mobil} 1-0

[Event "FIRST SATURDAY TOURNAMENTS Budapest FMA-"]
[Site "Budapest"]
[Date "2012.02.04"]
[Round "1.2"]
[White "Nazarov, Rustem"]
[Black "Kozak, Adam"]
[Result "0-1"]
[WhiteElo "2048"]
[BlackElo "1958"]
[PlyCount "58"]
[EventDate "2012.02.04"]

1. e4 c5 2. Nf3 d6 3. d4 cxd4 4. Nxd4 Nf6 5. Nc3 g6 6. Be3 Bg7 7. f3 O-O 8. Qd2
Nc6 9. Bc4 Bd7 10. O-O-O Rc8 11. Bb3 Ne5 12. g4 b5 13. g5 Ne8 14. h4 Nc4 15.
Bxc4 Rxc4 16. h5 Nc7 17. Qh2 Re8 18. hxg6 hxg6 19. Qh7+ Kf8 20. Rd2 e6 21. f4
Qa8 22. Nde2 Rd8 23. Rxd6 b4 24. Bd4 Rxd4 25. Nxd4 bxc3 26. Rd1 Qxe4 27. Nc6
cxb2+ 28. Kb1 Nb5 29. R6d2 Qxc6 0-1

[Event "FIRST SATURDAY TOURNAMENTS Budapest FMA-"]
[Site "Budapest"]
[Date "2012.02.04"]
[Round "1.3"]
[White "Farkas, Richard"]
[Black "Havaskori, Laszlo"]
[Result "1-0"]
[WhiteElo "2047"]
[BlackElo "2004"]
[PlyCount "83"]
[EventDate "2012.02.04"]

1. e4 c5 2. Nf3 d6 3. d4 cxd4 4. Nxd4 Nf6 5. Nc3 a6 6. Be2 Nc6 7. Be3 e5 8. Nb3
Be6 9. Bf3 Rc8 10. a4 Na5 11. Nxa5 Qxa5 12. O-O Be7 13. Qd2 Nd7 14. Rfd1 Rc6
15. Nd5 Qxd2 16. Rxd2 Bxd5 17. exd5 Rc7 18. Be2 O-O 19. a5 f5 20. f3 h6 21. c4
Bg5 22. Bxg5 hxg5 23. b4 Nf6 24. Rb1 e4 25. c5 Rd8 26. c6 Rb8 27. cxb7 Rcxb7
28. Rdb2 Rb5 29. Bxb5 Rxb5 30. fxe4 fxe4 31. Rc2 e3 32. Rc6 Rxd5 33. Kf1 Rd2
34. Rxa6 Ne4 35. Re1 Rf2+ 36. Kg1 Rd2 37. Rc6 d5 38. a6 Ra2 39. b5 d4 40. b6
Rxa6 41. b7 Rxc6 42. b8=Q+ 1-0

[Event "FIRST SATURDAY TOURNAMENTS Budapest FMA-"]
[Site "Budapest"]
[Date "2012.02.04"]
[Round "1.4"]
[White "Csomor, Viktor"]
[Black "Kis, Bela"]
[Result "0-1"]
[WhiteElo "2090"]
[BlackElo "2063"]
[PlyCount "66"]
[EventDate "2012.02.04"]

1. d4 d5 2. c4 e6 3. Nc3 c5 4. e3 Nf6 5. Nf3 Bd6 6. cxd5 exd5 7. Bb5+ Nc6 8.
O-O O-O 9. dxc5 Bxc5 10. Nd4 Qd6 11. Nxc6 bxc6 12. Be2 Bb6 13. Qa4 Bc7 14. g3
Re8 15. Rd1 a5 16. Bf3 Rb8 17. b3 Qe5 18. Qd4 Qf5 19. Bg2 Ng4 20. e4 dxe4 21.
Bxe4 Qh5 22. h4 Bb6 23. Qd6 Ba6 24. Kg2 Nxf2 25. Bf3 Qf5 26. Qd7 Re6 27. Be3
Bxe3 28. g4 Nxg4 29. Nd5 Qc2+ 30. Kh3 Qh2+ 31. Kxg4 Rg6+ 32. Kf5 Qh3+ 33. Ke4
Re6+ 0-1

[Event "FIRST SATURDAY TOURNAMENTS Budapest FMA-"]
[Site "Budapest"]
[Date "2012.02.04"]
[Round "1.5"]
[White "Borda, Lajos"]
[Black "Atabayev, Saparmyrat"]
[Result "1/2-1/2"]
[WhiteElo "2120"]
[BlackElo "2065"]
[PlyCount "132"]
[EventDate "2012.02.04"]

1. e4 c5 2. Nf3 d6 3. c3 Nf6 4. h3 Bd7 5. Bd3 e6 6. Bc2 Nc6 7. O-O Be7 8. Re1
O-O 9. d4 cxd4 10. Nxd4 a6 11. a4 Qc7 12. Nxc6 bxc6 13. Nd2 e5 14. Nc4 Be6 15.
Qe2 Nd7 16. a5 Qb7 17. Ne3 Rfe8 18. Nf5 Bxf5 19. exf5 d5 20. b3 Bf6 21. Bb2 e4
22. Ra4 c5 23. Ba1 Re5 24. c4 d4 25. Bxe4 Qxb3 26. Qa2 Rb8 27. f3 Qxa2 28. Rxa2
Ree8 29. Kf1 Ne5 30. Bd5 Nd3 31. Rxe8+ Rxe8 32. Be4 Nb4 33. Ra4 Rd8 34. Ke1 h5
35. Kd1 h4 36. Bb2 Be7 37. Bc1 d3 38. Bd2 Rd4 39. Ra3 Rxc4 40. Bxb4 cxb4 41.
Rxd3 Bf6 42. Rd6 Rd4+ 43. Rxd4 Bxd4 44. Kc2 Kf8 45. Kb3 Bc5 46. Bd3 Ke7 47.
Bxa6 Kd6 48. Kc4 f6 49. Bb7 Bd4 50. Kxb4 Ke5 51. Be4 Kf4 52. Kc4 Kg3 53. f4 Bf2
54. a6 Kxf4 55. Kd5 Bg1 56. Bd3 Kg3 57. Bf1 Be3 58. Be2 Kxg2 59. Bg4 Kg3 60.
Ke6 Kf4 61. Kf7 Ke5 62. Kxg7 Bd4 63. Kf7 Kd6 64. a7 Bxa7 65. Kxf6 Bd4+ 66. Kf7
Bh8 1/2-1/2

[Event "FIRST SATURDAY TOURNAMENTS Budapest FMA-"]
[Site "Budapest"]
[Date "2012.02.05"]
[Round "2.1"]
[White "Bogad, Peter"]
[Black "Atabayev, Saparmyrat"]
[Result "0-1"]
[WhiteElo "2118"]
[BlackElo "2065"]
[PlyCount "58"]
[EventDate "2012.02.04"]

1. e3 e5 2. b3 d5 3. Bb2 Bd6 4. f4 Qe7 5. Nf3 Nd7 6. Be2 Ngf6 7. O-O O-O 8. Qe1
exf4 9. Qh4 fxe3 10. Bd3 Ne4 11. Qh5 e2 12. Bxe2 Nef6 13. Qh4 Qxe2 14. Nc3 Qe6
15. h3 Ne4 16. Ng5 Nxg5 17. Qxg5 f6 18. Qh4 Qe5 19. Rf3 Re8 20. Kf1 Nf8 21. d4
Qe6 22. Qf2 Bd7 23. g4 Ng6 24. Kg2 Bb4 25. Qg3 Bxc3 26. Bxc3 Rac8 27. Raf1 c5
28. g5 f5 29. Rxf5 Qe4+ 0-1

[Event "FIRST SATURDAY TOURNAMENTS Budapest FMA-"]
[Site "Budapest"]
[Date "2012.02.05"]
[Round "2.2"]
[White "Kis, Bela"]
[Black "Borda, Lajos"]
[Result "0-1"]
[WhiteElo "2063"]
[BlackElo "2120"]
[PlyCount "52"]
[EventDate "2012.02.04"]

1. e4 c5 2. c3 d6 3. d4 Qc7 4. Nf3 e6 5. Bd3 Nf6 6. Bf4 Nbd7 7. Na3 a6 8. O-O
b5 9. h3 Bb7 10. Re1 Be7 11. e5 dxe5 12. Nxe5 Nxe5 13. Bxe5 Qc6 14. f3 Qb6 15.
Nc2 O-O 16. Qd2 Nd7 17. Qf4 Nxe5 18. Rxe5 h6 19. Qg4 c4 20. Be4 f5 21. Bxf5
exf5 22. Qh5 Bg5 23. f4 Bxf4 24. Re7 Be4 25. Nb4 Rad8 26. Rd1 a5 0-1

[Event "FIRST SATURDAY TOURNAMENTS Budapest FMA-"]
[Site "Budapest"]
[Date "2012.02.05"]
[Round "2.3"]
[White "Havaskori, Laszlo"]
[Black "Csomor, Viktor"]
[Result "1/2-1/2"]
[WhiteElo "2004"]
[BlackElo "2090"]
[PlyCount "110"]
[EventDate "2012.02.04"]

1. d4 d5 2. Nf3 c6 3. g3 Nf6 4. Bg2 g6 5. O-O Bg7 6. Nbd2 O-O 7. b3 Bf5 8. Bb2
a5 9. a3 Na6 10. Nh4 Be6 11. e3 Rc8 12. c4 Qd7 13. Qe2 Nc7 14. Rfc1 b6 15. Qf1
Bh6 16. h3 Nfe8 17. Kh2 f6 18. Qe2 Bg7 19. f4 Bf7 20. g4 Rb8 21. a4 Nd6 22.
Nhf3 Rfe8 23. Qd3 Nb7 24. e4 e6 25. cxd5 exd5 26. e5 Ne6 27. Qe3 Nc7 28. g5 f5
29. Ba3 Ne6 30. Kg3 Rec8 31. Bf1 Ra8 32. Rc2 b5 33. Rac1 b4 34. Bb2 Bf8 35. Ne1
Ng7 36. Be2 Be6 37. Nd3 Be7 38. h4 Bf7 39. Bf3 Ne6 40. Nf1 Rab8 41. Kg2 Rc7 42.
Ng3 Rd8 43. h5 Rcc8 44. hxg6 hxg6 45. Ne2 Kg7 46. Rh1 Rh8 47. Rcc1 Rxh1 48.
Rxh1 Rh8 49. Qc1 Rxh1 50. Qxh1 Qd8 51. Bc1 Qb6 52. Kg3 Kg8 53. Be3 Bf8 54. Qc1
Qa6 55. Qc2 Be7 1/2-1/2

[Event "FIRST SATURDAY TOURNAMENTS Budapest FMA-"]
[Site "Budapest"]
[Date "2012.02.05"]
[Round "2.4"]
[White "Kozak, Adam"]
[Black "Farkas, Richard"]
[Result "1/2-1/2"]
[WhiteElo "1958"]
[BlackElo "2047"]
[PlyCount "107"]
[EventDate "2012.02.04"]

1. d4 Nf6 2. c4 g6 3. Nc3 d5 4. cxd5 Nxd5 5. Bd2 Bg7 6. e4 Nxc3 7. Bxc3 c5 8.
d5 O-O 9. Bxg7 Kxg7 10. Qd2 Nd7 11. Nf3 a6 12. a4 Qb6 13. Qc3+ Kg8 14. Bd3 Qb4
15. O-O Rb8 16. Qxb4 cxb4 17. Rac1 b6 18. Nd4 Nc5 19. Bc2 Bd7 20. b3 Rfc8 21.
f3 Kg7 22. Ra1 e5 23. dxe6 Nxe6 24. Nxe6+ Bxe6 25. Rf2 Rc3 26. Rb1 Rbc8 27. Rb2
Re3 28. Kf1 a5 29. Re2 Rxe2 30. Kxe2 Kf6 31. Bd1 Rc3 32. Kd2 Ke5 33. Ke2 g5 34.
h3 h5 35. Ke1 Kf4 36. Kf2 h4 37. Bc2 f6 38. Bd1 Rd3 39. Ke2 Rd6 40. Ke1 Kg3 41.
Re2 Rd3 42. Rb2 Rd6 43. Re2 Rxd1+ 44. Kxd1 Bxb3+ 45. Kc1 Bxa4 46. e5 f5 47. e6
Be8 48. e7 f4 49. Kc2 a4 50. Kb2 b5 51. Re5 Kxg2 52. Rxg5+ Kxf3 53. Rg8 a3+ 54.
Ka1 1/2-1/2

[Event "FIRST SATURDAY TOURNAMENTS Budapest FMA-"]
[Site "Budapest"]
[Date "2012.02.05"]
[Round "2.5"]
[White "Vecsernyes, Norbert"]
[Black "Nazarov, Rustem"]
[Result "0-1"]
[WhiteElo "1892"]
[BlackElo "2048"]
[PlyCount "72"]
[EventDate "2012.02.04"]

1. d4 Nf6 2. c4 g6 3. Nc3 Bg7 4. e4 d6 5. Nf3 O-O 6. Be3 e5 7. dxe5 dxe5 8.
Qxd8 Rxd8 9. Nd5 Nxd5 10. cxd5 c6 11. Bc4 b5 12. Bb3 Bb7 13. Rc1 cxd5 14. Rc7
Bc6 15. exd5 Bd7 16. Rxa7 Rxa7 17. Bxa7 Na6 18. O-O Nb4 19. Rd1 Bf5 20. Bc5 Nd3
21. Be7 Rc8 22. d6 Nxb2 23. Rf1 Nc4 24. a4 e4 25. Ng5 h6 26. g4 Bd7 27. Nxe4
bxa4 28. Ba2 Bxg4 29. Nc5 Ne5 30. Nxa4 Ra8 31. Bb3 Nf3+ 32. Kg2 Nd2 33. Nc5
Bf3+ 34. Kg1 Nxf1 35. d7 Nd2 36. Ba4 Bf8 0-1

[Event "FIRST SATURDAY TOURNAMENTS Budapest FMA-"]
[Site "Budapest"]
[Date "2012.02.06"]
[Round "3.1"]
[White "Nazarov, Rustem"]
[Black "Bogad, Peter"]
[Result "1-0"]
[WhiteElo "2048"]
[BlackElo "2118"]
[PlyCount "23"]
[EventDate "2012.02.04"]

1. e4 g5 2. d4 h6 3. Bc4 Bg7 4. Nc3 c5 5. Be3 Nc6 6. Nge2 Nf6 7. f3 Na5 8. Qd3
b6 9. e5 Ng8 10. dxc5 Nxc4 11. Qxc4 Qc7 12. Nd5 1-0

[Event "FIRST SATURDAY TOURNAMENTS Budapest FMA-"]
[Site "Budapest"]
[Date "2012.02.06"]
[Round "3.2"]
[White "Farkas, Richard"]
[Black "Vecsernyes, Norbert"]
[Result "1-0"]
[WhiteElo "2047"]
[BlackElo "1892"]
[PlyCount "23"]
[EventDate "2012.02.04"]

1. e4 e6 2. d4 d5 3. Nd2 Nf6 4. e5 Nfd7 5. Bd3 Nc6 6. c3 Be7 7. Ne2 f6 8. Nf4
Kf7 9. Qh5+ g6 10. Bxg6+ hxg6 11. Qxg6+ Kf8 12. Nxe6# 1-0

[Event "FIRST SATURDAY TOURNAMENTS Budapest FMA-"]
[Site "Budapest"]
[Date "2012.02.06"]
[Round "3.3"]
[White "Csomor, Viktor"]
[Black "Kozak, Adam"]
[Result "0-1"]
[WhiteElo "2090"]
[BlackElo "1958"]
[PlyCount "50"]
[EventDate "2012.02.04"]

1. d4 d5 2. c4 c6 3. Nf3 Nf6 4. Nc3 e6 5. Bg5 dxc4 6. e4 b5 7. e5 h6 8. Bh4 g5
9. Nxg5 hxg5 10. Bxg5 Nbd7 11. g3 Bb7 12. Bg2 Qb6 13. exf6 O-O-O 14. O-O c5 15.
d5 b4 16. Na4 Qa6 17. dxe6 Bxg2 18. Kxg2 Qxe6 19. h4 Qc6+ 20. f3 Bh6 21. a3
Bxg5 22. hxg5 Ne5 23. Qe2 Qxa4 24. Qxe5 Qc2+ 25. Kg1 Qh2# 0-1

[Event "FIRST SATURDAY TOURNAMENTS Budapest FMA-"]
[Site "Budapest"]
[Date "2012.02.06"]
[Round "3.4"]
[White "Borda, Lajos"]
[Black "Havaskori, Laszlo"]
[Result "1-0"]
[WhiteElo "2120"]
[BlackElo "2004"]
[PlyCount "77"]
[EventDate "2012.02.04"]

1. e4 c5 2. Nf3 d6 3. c3 Nf6 4. h3 Nc6 5. d4 e5 6. Bc4 Be7 7. O-O O-O 8. dxc5
dxc5 9. Bd5 Qc7 10. Qe2 Bd7 11. Re1 Rad8 12. a4 Na5 13. Nbd2 Nxd5 14. exd5 f6
15. b3 Bf5 16. c4 b6 17. Bb2 Bd6 18. Bc3 Nb7 19. g4 Bc8 20. Ne4 a5 21. Kg2 Qf7
22. Rh1 Rfe8 23. Nh4 g6 24. Qb2 Be7 25. Nf3 Nd6 26. Ng3 Bf8 27. Rae1 Bh6 28. g5
e4 29. gxh6 exf3+ 30. Kxf3 f5 31. Nh5 Ne4 32. Nf6+ Nxf6 33. Bxf6 Rxe1 34. Rxe1
Re8 35. Re5 g5 36. Bxg5 Bd7 37. Kf4 Qg6 38. Rxe8+ Bxe8 39. Qg7+ 1-0

[Event "FIRST SATURDAY TOURNAMENTS Budapest FMA-"]
[Site "Budapest"]
[Date "2012.02.06"]
[Round "3.5"]
[White "Atabayev, Saparmyrat"]
[Black "Kis, Bela"]
[Result "1-0"]
[WhiteElo "2065"]
[BlackElo "2063"]
[PlyCount "143"]
[EventDate "2012.02.04"]

1. e4 e5 2. Nf3 Nc6 3. Bc4 Bc5 4. c3 d6 5. d3 Nf6 6. Nbd2 O-O 7. Bb3 Bb6 8. Nf1
d5 9. Qe2 Be6 10. Bc2 Ng4 11. Ne3 Nxe3 12. Bxe3 Bxe3 13. Qxe3 f5 14. Bb3 Kh8
15. exd5 Bxd5 16. Bxd5 Qxd5 17. O-O Rad8 18. Rfd1 e4 19. Nd4 exd3 20. Qxd3 f4
21. Qc2 Nxd4 22. Rxd4 Qg5 23. Rxd8 Rxd8 24. Rd1 Rxd1+ 25. Qxd1 f3 26. g3 h6 27.
Qxf3 Qc1+ 28. Kg2 Qxb2 29. Qf8+ Kh7 30. Qf5+ Kh8 31. Qc8+ Kh7 32. Qxc7 b5 33.
Qxa7 Qxc3 34. Qd7 Qc4 35. Qf5+ Kh8 36. Qf8+ Kh7 37. a3 Qd5+ 38. Qf3 Qe5 39. g4
Kg8 40. h3 Qc5 41. Qe3 Qd5+ 42. Kg3 Qd6+ 43. f4 Kf8 44. Qc3 Qd5 45. Kf2 Qh1 46.
f5 Qh2+ 47. Ke1 Qa2 48. f6 Qe6+ 49. Kf1 gxf6 50. Qb4+ Kg7 51. Qxb5 Qe3 52. Qb7+
Kg8 53. a4 Qxh3+ 54. Kf2 Qc3 55. Qd5+ Kg7 56. a5 Qa3 57. Qb7+ Kg6 58. Qc8 Qa2+
59. Kg3 Qa3+ 60. Kh4 Qa2 61. Kg3 Qa3+ 62. Kf2 Qb2+ 63. Ke3 Qe5+ 64. Kd3 Qd5+
65. Ke3 Qe5+ 66. Kd3 Qd5+ 67. Kc2 Qa2+ 68. Kc1 Qa1+ 69. Kc2 Qa2+ 70. Kd1 Qd5+
71. Kc1 Qa2 72. Qc2+ 1-0

[Event "FIRST SATURDAY TOURNAMENTS Budapest FMA-"]
[Site "Budapest"]
[Date "2012.02.07"]
[Round "4.1"]
[White "Bogad, Peter"]
[Black "Kis, Bela"]
[Result "0-1"]
[WhiteElo "2118"]
[BlackElo "2063"]
[PlyCount "96"]
[EventDate "2012.02.04"]

1. e4 d6 2. d4 Nf6 3. Nc3 g6 4. f3 Bg7 5. Be3 c6 6. g4 Nbd7 7. Qd2 b5 8. h4 Nb6
9. h5 Rg8 10. hxg6 hxg6 11. b3 b4 12. Nce2 a5 13. Ng3 Qc7 14. Rd1 Bb7 15. N1e2
e6 16. c4 O-O-O 17. a3 c5 18. axb4 axb4 19. g5 Nfd7 20. Ra1 Rh8 21. Bh3 Rh4 22.
Kf2 Rdh8 23. Bg4 Rxh1 24. Rxh1 Rxh1 25. Nxh1 Kd8 26. d5 Ne5 27. Bh3 exd5 28.
exd5 Bc8 29. Bxc8 Qxc8 30. Nf4 Qf5 31. Qa2 Ned7 32. Ng3 Qe5 33. Ne4 Ke7 34. Qe2
Kf8 35. Kg2 Nc8 36. Nd3 Qa1 37. f4 Qb1 38. Nd2 Qc2 39. Ne1 Qf5 40. Qf3 Bc3 41.
Kf2 f6 42. Ne4 fxg5 43. Nxg5 Nf6 44. Ng2 Qc2+ 45. Kg1 Ne7 46. Qh3 Qd1+ 47. Ne1
Qxe1+ 48. Kg2 Qe2+ 0-1

[Event "FIRST SATURDAY TOURNAMENTS Budapest FMA-"]
[Site "Budapest"]
[Date "2012.02.07"]
[Round "4.2"]
[White "Havaskori, Laszlo"]
[Black "Atabayev, Saparmyrat"]
[Result "0-1"]
[WhiteElo "2004"]
[BlackElo "2065"]
[PlyCount "66"]
[EventDate "2012.02.04"]

1. d4 Nf6 2. Nf3 g6 3. g3 Bg7 4. Bg2 O-O 5. O-O d6 6. c4 Nbd7 7. Nc3 e5 8. e3
c6 9. Qc2 Ne8 10. dxe5 dxe5 11. b3 f5 12. Rd1 e4 13. Nd4 Qf6 14. Ba3 Rf7 15.
Rac1 Ne5 16. Bxe4 fxe4 17. Nxe4 Qd8 18. Ne6 Qa5 19. Rd8 Nf3+ 20. Kh1 Qxa3 21.
Rxe8+ Bf8 22. N6g5 Nxg5 23. Nxg5 Bf5 24. Rxa8 Bxc2 25. Rxc2 Qe7 26. Nxf7 Qe4+
27. Kg1 Qxc2 28. Ng5 Qxa2 29. Kg2 Qc2 30. h4 h6 31. Nh3 Qxb3 32. Nf4 Qxc4 33.
g4 g5 0-1

[Event "FIRST SATURDAY TOURNAMENTS Budapest FMA-"]
[Site "Budapest"]
[Date "2012.02.07"]
[Round "4.3"]
[White "Kozak, Adam"]
[Black "Borda, Lajos"]
[Result "0-1"]
[WhiteElo "1958"]
[BlackElo "2120"]
[PlyCount "134"]
[EventDate "2012.02.04"]

1. d4 Nf6 2. c4 e5 3. dxe5 Ng4 4. Bf4 Nc6 5. Nf3 Bb4+ 6. Nbd2 Qe7 7. e3 Ngxe5
8. Nxe5 Nxe5 9. Be2 a5 10. O-O Bxd2 11. Qxd2 d6 12. Rfd1 O-O 13. Rac1 Nd7 14.
b3 Nc5 15. Bf3 Bf5 16. Bd5 Rfe8 17. Qe2 Qf6 18. Bg3 Rad8 19. Qd2 h5 20. h3 h4
21. Bh2 Qg6 22. Kh1 Be4 23. Bxe4 Nxe4 24. Qe1 b6 25. Kg1 Re6 26. Rd4 Rde8 27.
Bf4 f5 28. Qd1 R8e7 29. Qf3 Qf6 30. Bh2 Ng5 31. Qd1 g6 32. a3 Ne4 33. Qf3 Nc5
34. Qd1 Re8 35. Rd2 a4 36. bxa4 Ra8 37. Ra2 Rxa4 38. Qd5 Kg7 39. Qc6 Qe7 40.
Kh1 Re4 41. Qb5 Qf7 42. Rac2 Kh7 43. Rc3 Re8 44. Bg1 Rea8 45. f3 Rxa3 46. e4
Rxc3 47. Rxc3 fxe4 48. fxe4 Nxe4 49. Rf3 Ng3+ 50. Kh2 Nf5 51. Qc6 Re8 52. Bf2
Qe7 53. Kh1 Qd8 54. Rxf5 gxf5 55. Bxh4 Qc8 56. Qf3 Qe6 57. Bf6 Kg6 58. Bd4 Qe1+
59. Kh2 Qh4 60. Bf2 Qxc4 61. Qg3+ Kf6 62. Be1 b5 63. Bc3+ Re5 64. h4 Qg4 65.
Bxe5+ dxe5 66. Qc3 Qxh4+ 67. Kg1 Qd4+ 0-1

[Event "FIRST SATURDAY TOURNAMENTS Budapest FMA-"]
[Site "Budapest"]
[Date "2012.02.07"]
[Round "4.4"]
[White "Vecsernyes, Norbert"]
[Black "Csomor, Viktor"]
[Result "1/2-1/2"]
[WhiteElo "1892"]
[BlackElo "2090"]
[PlyCount "58"]
[EventDate "2012.02.04"]

1. d4 d5 2. c4 e6 3. Nc3 Nf6 4. Bg5 c6 5. e3 h6 6. Bxf6 Qxf6 7. Nf3 Bd6 8. Bd3
O-O 9. O-O dxc4 10. Bxc4 b5 11. Bd3 Bb7 12. e4 e5 13. d5 cxd5 14. Nxd5 Bxd5 15.
exd5 b4 16. Nd2 Nd7 17. Bb5 Nc5 18. f3 Qf4 19. Qe2 e4 20. g3 exf3 21. Nxf3 Qe4
22. Qxe4 Nxe4 23. Rac1 Rab8 24. Bc6 g5 25. Nd4 Bc5 26. Rxc5 Nxc5 27. Rf6 Kg7
28. Rd6 Rfd8 29. Nf5+ Kf8 1/2-1/2

[Event "FIRST SATURDAY TOURNAMENTS Budapest FMA-"]
[Site "Budapest"]
[Date "2012.02.07"]
[Round "4.5"]
[White "Nazarov, Rustem"]
[Black "Farkas, Richard"]
[Result "1/2-1/2"]
[WhiteElo "2048"]
[BlackElo "2047"]
[PlyCount "129"]
[EventDate "2012.02.04"]

1. e4 c5 2. Nf3 e6 3. d4 cxd4 4. Nxd4 a6 5. Be3 Nf6 6. Nc3 Qc7 7. Bd3 Bb4 8.
Nde2 d5 9. O-O dxe4 10. Nxe4 Nbd7 11. N2g3 Be7 12. c3 Nxe4 13. Nxe4 Nf6 14. Qf3
Nxe4 15. Bxe4 f5 16. Bc2 O-O 17. Bf4 Bd6 18. Bxd6 Qxd6 19. Rad1 Qc7 20. Rfe1
Kh8 21. Qe3 Bd7 22. Qe5 Qxe5 23. Rxe5 Rf7 24. Bb3 Re7 25. f4 h6 26. Rde1 Rae8
27. Kf2 g5 28. g3 Kg7 29. Bd5 b6 30. Bf3 Kf6 31. Rd1 gxf4 32. gxf4 b5 33. Rd6
Bc8 34. Re1 Rd7 35. Rxd7 Bxd7 36. Rd1 Bc8 37. a4 bxa4 38. Rd4 e5 39. fxe5+ Rxe5
40. Rxa4 a5 41. b4 axb4 42. cxb4 Rb5 43. Bc6 Rb6 44. b5 Bb7 45. Bxb7 Rxb7 46.
Rb4 Rb6 47. Rb1 Ke6 48. Kf3 Ke5 49. Ke3 f4+ 50. Kf3 Kd4 51. Kxf4 Kd3 52. Rd1+
Kc4 53. Rc1+ Kd5 54. Rb1 Kd4 55. Kg4 Kd3 56. Kh5 Ke4 57. h4 Kf4 58. Rb2 Kg3 59.
Rb4 Kf3 60. Rb2 Kg3 61. Rb1 Kf3 62. Rg1 Kf4 63. Rg6 Rxb5+ 64. Kxh6 Rb7 65. h5
1/2-1/2

[Event "FIRST SATURDAY TOURNAMENTS Budapest FMA-"]
[Site "Budapest"]
[Date "2012.02.08"]
[Round "5.1"]
[White "Farkas, Richard"]
[Black "Bogad, Peter"]
[Result "1-0"]
[WhiteElo "2047"]
[BlackElo "2118"]
[PlyCount "97"]
[EventDate "2012.02.04"]

1. d4 e6 2. e4 d5 3. Nd2 Nf6 4. e5 Nfd7 5. Bd3 c5 6. c3 Qb6 7. Ne2 Nc6 8. Nf3
f6 9. Nf4 fxe5 10. Nxe5 Ndxe5 11. dxe5 Nxe5 12. Qh5+ Nf7 13. Bxh7 e5 14. Nxd5
Qc6 15. Ne3 Be6 16. Qg6 O-O-O 17. Qxe6+ Qxe6 18. Bf5 Ng5 19. Bxe6+ Nxe6 20. g3
Ng5 21. Ke2 e4 22. a4 Nf3 23. h4 Rh5 24. Nc4 Be7 25. Be3 Rdh8 26. Rhd1 b6 27.
Nd2 Nxd2 28. Rxd2 g5 29. hxg5 Bxg5 30. Rad1 Bd8 31. Bf4 R5h7 32. Ke3 Re8 33.
Rd5 Bc7 34. Bxc7 Kxc7 35. Rf5 Rhe7 36. Rf4 a6 37. Rf6 Re6 38. Rxe6 Rxe6 39. g4
Kc6 40. Rd2 b5 41. axb5+ Kxb5 42. Kf4 Kc4 43. g5 a5 44. Kf5 e3 45. Re2 exf2 46.
Rxf2 Re1 47. g6 Rg1 48. Kf6 a4 49. Kf7 1-0

[Event "FIRST SATURDAY TOURNAMENTS Budapest FMA-"]
[Site "Budapest"]
[Date "2012.02.08"]
[Round "5.2"]
[White "Csomor, Viktor"]
[Black "Nazarov, Rustem"]
[Result "0-1"]
[WhiteElo "2090"]
[BlackElo "2048"]
[PlyCount "64"]
[EventDate "2012.02.04"]

1. d4 Nf6 2. c4 g6 3. Nc3 Bg7 4. e4 d6 5. f4 O-O 6. Nf3 c5 7. d5 e6 8. Be2 exd5
9. cxd5 Re8 10. e5 dxe5 11. fxe5 Ng4 12. Bg5 Qb6 13. O-O Nxe5 14. Nxe5 Bxe5 15.
Bc4 Qxb2 16. Rc1 Bf5 17. Rxf5 gxf5 18. Bd2 Qb6 19. Qf3 Qg6 20. Bd3 Qg4 21. Qxf5
Qxf5 22. Bxf5 Na6 23. Rf1 Rad8 24. Rf3 f6 25. a3 Nc7 26. d6 Rxd6 27. Ne4 Rb6
28. g3 c4 29. Ba5 Rb1+ 30. Kg2 Rb2+ 31. Kh3 Nd5 32. Nd2 b5 0-1

[Event "FIRST SATURDAY TOURNAMENTS Budapest FMA-"]
[Site "Budapest"]
[Date "2012.02.08"]
[Round "5.3"]
[White "Borda, Lajos"]
[Black "Vecsernyes, Norbert"]
[Result "1-0"]
[WhiteElo "2120"]
[BlackElo "1892"]
[PlyCount "67"]
[EventDate "2012.02.04"]

1. e4 Nf6 2. e5 Nd5 3. d4 d6 4. Nf3 dxe5 5. Nxe5 c6 6. c4 Nf6 7. Nc3 g6 8. Be2
Bg7 9. Be3 O-O 10. O-O Be6 11. h3 Qa5 12. a3 Nbd7 13. b4 Qc7 14. Bf4 Nxe5 15.
Bxe5 Qc8 16. Qd2 h5 17. Rac1 Kh7 18. Rfd1 Bh6 19. Bf4 Bg7 20. Qe3 Qe8 21. d5
Bf5 22. Bf3 Bd7 23. dxc6 Bxc6 24. Nd5 Nxd5 25. cxd5 Ba4 26. Re1 Bf6 27. Rc7 Qb5
28. Rec1 Kg8 29. Be5 Bxe5 30. Qxe5 e6 31. R1c5 Qb6 32. dxe6 Qxe6 33. Qxe6 fxe6
34. Rxb7 1-0

[Event "FIRST SATURDAY TOURNAMENTS Budapest FMA-"]
[Site "Budapest"]
[Date "2012.02.08"]
[Round "5.4"]
[White "Atabayev, Saparmyrat"]
[Black "Kozak, Adam"]
[Result "1-0"]
[WhiteElo "2065"]
[BlackElo "1958"]
[PlyCount "137"]
[EventDate "2012.02.04"]

1. e4 c5 2. c3 g6 3. d4 cxd4 4. cxd4 d5 5. exd5 Nf6 6. Bb5+ Nbd7 7. Nc3 Bg7 8.
d6 exd6 9. Qe2+ Qe7 10. Qxe7+ Kxe7 11. Nge2 a6 12. Bxd7 Bxd7 13. Bg5 Bc6 14. d5
Bd7 15. O-O h6 16. Bf4 g5 17. Bg3 Nh5 18. Rae1 Nxg3 19. Nxg3+ Kd8 20. f4 g4 21.
Nge4 Bf8 22. f5 h5 23. Ng5 Be8 24. f6 Bh6 25. Nge4 Kd7 26. Ng3 Bf8 27. Nf5 Rc8
28. Re4 Kd8 29. Re2 Rc5 30. Rd2 Rc4 31. Rd4 Rxd4 32. Nxd4 Bd7 33. Ne4 Kc7 34.
Ng5 Be8 35. Nf5 Bh6 36. Ne4 Bb5 37. Rf2 Re8 38. Nfxd6 Rxe4 39. Nxe4 Be3 40. Ng3
h4 41. Nf5 Bxf2+ 42. Kxf2 Bc4 43. Nxh4 Bxd5 44. Kg3 Be6 45. Kf4 Kc6 46. Nf5 Kd5
47. h4 gxh3 48. gxh3 Bd7 49. h4 Ke6 50. Kg5 Ke5 51. Nh6 Ke6 52. h5 Bb5 53. Ng8
Bd3 54. Kh6 Be2 55. Kg5 Bd3 56. Ne7 Bb1 57. a3 a5 58. Nc8 b5 59. Na7 a4 60.
Nxb5 Ke5 61. Nc3 Bc2 62. h6 Kd4 63. Nxa4 Kc4 64. Nb6+ Kb3 65. a4 Kb4 66. Nd7
Kxa4 67. Ne5 Kb3 68. Nxf7 Kxb2 69. Nd6 1-0

[Event "FIRST SATURDAY TOURNAMENTS Budapest FMA-"]
[Site "Budapest"]
[Date "2012.02.08"]
[Round "5.5"]
[White "Kis, Bela"]
[Black "Havaskori, Laszlo"]
[Result "0-1"]
[WhiteElo "2063"]
[BlackElo "2004"]
[PlyCount "100"]
[EventDate "2012.02.04"]

1. e4 c5 2. c3 e6 3. d4 d5 4. exd5 exd5 5. Nf3 Nf6 6. Bd3 Nc6 7. Bg5 h6 8. Qe2+
Be6 9. Bh4 c4 10. Bf5 Qe7 11. Bxe6 Qxe6 12. Qxe6+ fxe6 13. Nbd2 Bd6 14. O-O Kd7
15. a4 b6 16. b3 cxb3 17. Nxb3 Ne4 18. Rfc1 g5 19. Bg3 Bxg3 20. hxg3 Nd6 21.
Re1 Nc4 22. Re2 g4 23. Nfd2 Nd6 24. Rae1 Rae8 25. f3 h5 26. a5 Nf5 27. Nf1 Rhg8
28. fxg4 hxg4 29. axb6 axb6 30. Nc1 Nd6 31. Nd3 Ne4 32. Rc1 Ra8 33. Rb2 Ra3 34.
Rxb6 Nxd4 35. Ne5+ Kc7 36. Rb2 Nc6 37. Nxc6 Kxc6 38. Rbc2 Kd6 39. Nd2 Nxg3 40.
Kf2 Nf5 41. Nb1 Ra1 42. Re2 Rb8 43. Rce1 Rbxb1 44. Rxe6+ Kd7 45. Rxb1 Rxb1 46.
Re5 Rb2+ 47. Ke1 Ne7 48. Kf1 Rc2 49. Rg5 Rxc3 50. Rxg4 Rc2 0-1